000 00697cam a2200265 4500
008 090401t1996 xxu||||| |||| 00| 0 eng d
020 _a0750629703
035 _a(Sirsi) u14405
041 _aeng
050 _a692.5
110 _aTweeds
_92990
245 _aLaxton`s schools and colleges price book, 1996-97
260 _aOxford
_bLaxton`s
_c1996
300 _axiii, 224p. ; 24cm.
350 _a40
650 _aBUILT ENVIRONMENT-BUILDING COSTS
650 _aCOLLEGES
650 _aEDUCATIONAL BUILDINGS
650 _aBUILDING PRICE BOOKS
650 _aSCHOOL BUILDINGS
650 _aSCHOOLS
690 _aBUILT ENVIRONMENT-BUILDING COSTS
942 _n0
948 _c04/03/1997
999 _c87177
_d87177